El Subbdesarrollo y la via del desarrollo

Guardado en:
書目詳細資料
主要作者: Pérez, Humberto
格式: Texto
出版: La Habana: de Ciencias Sociales
版:3
標簽: 添加標簽
沒有標簽, 成為第一個標記此記錄!

MARC

LEADER 00000 a a2200000 04500
001 24436
003
040
090 |a 166800  
100 |a Pérez, Humberto  
245 |a El Subbdesarrollo y la via del desarrollo  
250 |a 3  
260 |a La Habana:   |b de Ciencias Sociales  
300 |a 172 p.   |b **no definido**  
999 |c 15817  |d 15817